Dva druhy pohledů na vůdčí osobnost
Odpovede na otázky ako sa pozná dominantná osobnosť? Aké má vlastnosti? Čo rozhoduje o tom, že sa do vedúcej roly môže človek vypracovať? Uvedenie niektorých príkladov vodcovských osobností, ktoré ovplyvnili alebo stále ovplyvňujú nový spôsob riadenia a to vedenie ľudí. Typy osobností. Vodcovia a ko...
Guardado en:
| Autor principal: | |
|---|---|
| Formato: | Capítulo de libro |
| Lenguaje: | checo |
| Materias: | |
| Etiquetas: |
Sin Etiquetas, Sea el primero en etiquetar este registro!
|
MARC
| LEADER | 00000naa$a2200000$$$4500 | ||
|---|---|---|---|
| 001 | 0010927 | ||
| 005 | 20230808081505.6 | ||
| 041 | 0 | |a cze | |
| 044 | |a SK | ||
| 245 | 1 | 0 | |a Dva druhy pohledů na vůdčí osobnost |c aut. Jaroslav Fric |
| 520 | |a Odpovede na otázky ako sa pozná dominantná osobnosť? Aké má vlastnosti? Čo rozhoduje o tom, že sa do vedúcej roly môže človek vypracovať? Uvedenie niektorých príkladov vodcovských osobností, ktoré ovplyvnili alebo stále ovplyvňujú nový spôsob riadenia a to vedenie ľudí. Typy osobností. Vodcovia a komunikácia. Štýly vodcovstva. Správne formulované príkazy. Niekoľko rád budúcim vodcom. | ||
| 610 | 2 | 0 | |a osobnosť |
| 610 | 2 | 0 | |a typológia |
| 610 | 2 | 0 | |a vedenie ľudí |
| 610 | 2 | 0 | |a lídri |
| 610 | 2 | 0 | |a štýl vedenia |
| 610 | 2 | 0 | |a vodcovstvo |
| 610 | 2 | 0 | |a komunikácia |
| 100 | 1 | |a Fric, Jaroslav | |